An optimization of glass milling process using CNC milling technique /
Saved in:
| Main Author: | |
|---|---|
| Format: | Thesis Book |
| Language: | English |
| Published: |
2010.
|
| Subjects: | |
| Tags: |
Add Tag
No Tags, Be the first to tag this record!
|
| LEADER | 01183cam a2200277 a 4500 | ||
|---|---|---|---|
| 001 | u795638 | ||
| 003 | SIRSI | ||
| 005 | 201008120846 | ||
| 008 | 100812s2010 my a t 000 0 eng m | ||
| 040 | |a UMM |d UMJ | ||
| 090 | |a TA7 |b UM 2010 Mohsak | ||
| 097 | |a TA7 |b UM 2010 Mohsak | ||
| 100 | 0 | |a Mohd Sayuti Ab Karim. | |
| 245 | 1 | 3 | |a An optimization of glass milling process using CNC milling technique / |c Mohd Sayuti Ab Karim. |
| 260 | |c 2010. | ||
| 300 | |a xii, 104 leaves : |b ill. ; |c 30 cm. | ||
| 502 | |a Dissertation (M.Eng.Sc.) -- Jabatan Kejuruteraan Rekabentuk dan Pembuatan, Fakulti Kejuruteraan, Universiti Malaya, 2010. | ||
| 504 | |a Bibliography: leaves 103-105. | ||
| 650 | 0 | |a Taguchi methods (Quality control) |v Case studies. | |
| 650 | 0 | |a Milling-machines |x Numerical control. | |
| 650 | 0 | |a Glass grinding and polishing |x Quality control. | |
| 710 | 2 | |a Universiti Malaya. |b Jabatan Kejuruteraan Rekabentuk dan Pembuatan. | |
| 900 | |a ZA | ||
| 596 | |a 1 7 | ||
| 999 | |a TA7 UM 2010 MOHSAK |w LC |c 1 |i A514400086 |d 20/6/2011 |e 20/6/2011 |f 28/3/2011 |g 1 |l STACKS |m P01UTAMA |n 3 |r Y |s Y |t TESIS |u 24/3/2011 | ||
| 999 | |a TA7 UM 2010 MOHSAK |w LC |c 1 |i A514399618 |l STACKS |m P07JURUTER |r Y |s Y |t TESIS |u 10/6/2011 | ||
